| 000 | 00925nam a22002297a 4500 | ||
|---|---|---|---|
| 999 |
_c18921 _d18921 |
||
| 003 | AR-CdUCM | ||
| 008 | 190321b ||||| |||| 00| 0 spa d | ||
| 040 |
_aMUNICIPALIDAD PROVINCIAL DEL CUSCO _cBIBLIOTECA MUNICIPAL DEL CUSCO |
||
| 082 |
_a985.008 / _bD85TU |
||
| 245 |
_aDocumental del Perú : _bdepartamento de Tumbes / |
||
| 260 |
_aLima : _bIOOPE, _c1971. |
||
| 300 |
_a160 páginas ; _bImágenes, mapa. _c22 cm. |
||
| 505 | _aContenido: t.2: La amazonia y el hombre peruano a través de los siglos -- Los preincas de la amazonia -- Los conquistadores Españoles y la amazonia -- Las rebeliones indias en la amazonia... | ||
| 650 |
_aHistoria de Tumbes _921685 |
||
| 650 |
_aAmazonia _93433 |
||
| 650 |
_aHistoria _9136 |
||
| 650 |
_aLos transportes _939841 |
||
| 700 |
_aCortazar, Pedro Felipe (director) _917387 |
||
| 710 |
_aBanco de Crédito del Perú _92412 |
||
| 942 |
_2ddc _cLIBROS |
||
| 945 |
_awnts _d2019-05-15 |
||